The Appraisal of Real Estate: 14th Edition /
Gespeichert in:
| Format: | Buch |
|---|---|
| Sprache: | Englisch |
| Veröffentlicht: |
Chicago:
Appraisal Institute,
2013
|
| Ausgabe: | 14. vyd. |
| Schlagworte: | |
| Tags: |
Keine Tags, Fügen Sie das erste Tag hinzu!
|
MARC
| LEADER | 00000nam a22000003a 4500 | ||
|---|---|---|---|
| 001 | 0078944 | ||
| 003 | SK-STU | ||
| 005 | 20200107092501.9 | ||
| 007 | ta | ||
| 008 | 200107s ----xo-----e------000-0-----d | ||
| 020 | |a 978-1-935328-38-4 | ||
| 040 | |a STU |b slo | ||
| 041 | 0 | |a eng |h eng | |
| 044 | |a xxu | ||
| 100 | 1 | |a Grubbe, Frederick H. |4 lso |r Z6 | |
| 245 | 1 | 0 | |a The Appraisal of Real Estate: |b 14th Edition / |c Frederick H Grubbe |
| 250 | |a 14. vyd. | ||
| 260 | |a Chicago: |b Appraisal Institute, |c 2013 | ||
| 300 | |a 847 s. | ||
| 650 | 0 | 7 | |a real estate appraisal |
| 650 | 0 | 7 | |a data collection |
| 650 | 0 | 7 | |a property valuation |
| 996 | |c V* 53017/O-24177 |l VV25 |s P |a 0 |w 0078944_0001 | ||